Dishonour of cheques : (Record no. 77378)

MARC details
000 -LEADER
fixed length control field 00642nam a22001817a 4500
005 - DATE AND TIME OF LATEST TRANSACTION
control field 20130710160335.0
010 ## - LCCN (DPL NO)
LC control number ENG-107939
020 ## - INTERNATIONAL STANDARD BOOK NUMBER
Terms of availability 450.00
International Standard Book Number 9789350353028
035 ## - SYSTEM CONTROL NUMBER
System control number EN-91472
037 ## - SOURCE OF ACQUISITION
Source of stock number/acquisition DBAD/PUB
100 ## - MAIN ENTRY--PERSONAL NAME
Personal name Gupta,S.N.
245 00 - TITLE STATEMENT
Title Dishonour of cheques :
Statement of responsibility, etc by S.N. Gupta
Remainder of title Liability-Civil & Criminal with case law ready refrencer and model forms of notice and complaint /
250 ## - EDITION STATEMENT
Edition statement 7th ed
260 ## - PUBLICATION, DISTRIBUTION, ETC. (IMPRINT)
Place of publication, distribution, etc Delhi
Name of publisher, distributor, etc Universal Law Publishing Co.
Date of publication, distribution, etc 2013
270 ## - ADDRESS
Address C-FF-1A, Dilkhus Industrial Estate, (Near Azadpur Metro Station) G.T. Karnal Road,
City Delhi
Postal code 110033
300 ## - PHYSICAL DESCRIPTION
Extent liii,416p.
Dimensions 24cm(pbk)
942 ## - ADDED ENTRY ELEMENTS (KOHA)
Source of classification or shelving scheme Dewey Decimal Classification
Item type English Books
Call number suffix GUP
Holdings
Withdrawn status Lost status Not for loan Collection code Home library Current library Date acquired Source of acquisition Cost, normal purchase price Full call number Barcode Copy number Cost, replacement price Koha item type
    Not For Loan Non-fiction D.B.Act.Division D.B.Act.Division 10/07/2013 DBAD/PUB 450.00 GUP EN-91472 1 450.00 English Books

© Delhi Public Library
Hit Counter
free hit counter